00676nam a22001817a 450000500170000001000150001702000260003203500140005803700090007208200080008124500470008925000090013626000460014527000770019130000210026850001880028970000170047720240503111447.0 aENG-140266 a9789382552031c449.00 aEN-123798 bDBAD a540 aTHE NETWORK OF CHEMISTRY/c By Vinita kaul a2011 aDELHIbGOOD LUCK PUBLISHERS LIMITEDc2019 a415, Laxmideep 9 Laxmi nagar district centre vikas marg, bDelhie110092 a199 P.c28cm(PB) aRevision maps Solved NCERT Questions Solved NCERT Examples Question Analysing, Evaluating and Creating MULTIPLE ASSESSMENTS PRACTICAL SKILL-BASED MCQS PERIODIC TESTS MODEL TEST PAPER aKaul, Vinita